| 000 | 00872cam a2200229 a 4500 | ||
|---|---|---|---|
| 020 | _a0070371008 (hard : acidfree paper) | ||
| 020 | _a0070371016 (softcover : acidfree paper) | ||
| 082 | 0 | 0 |
_a624.18341 _bLEE _cN-01,P-41 |
| 100 | 1 | _aLeet, Kenneth. | |
| 245 | 1 | 0 |
_aReinforced concrete design : _bconforms to 1995 ACI codes / _cKenneth M. Leet ; contributing author, Dionisio Bernal. |
| 250 | _a3rd ed. | ||
| 260 |
_aNew York : _bMcGraw-Hill Co., _cc1997. |
||
| 300 |
_axiv, 546 p. : _bill. ; _c26 cm. |
||
| 526 |
_a0 _b0 _c0 _d624_183410000000000_LEE |
||
| 526 |
_a0 _b0 _c0 _d624_183410000000000_LEE |
||
| 650 | 0 |
_aNUST _96342 |
|
| 650 | 0 | _aReinforced concrete construction. | |
| 700 | 1 |
_aBernal, Dionisio. _946269 |
|
| 856 | 4 | 1 | _uhttp://www.loc.gov/catdir/toc/mh022/96031173.html |
| 856 | 4 | 2 | _uhttp://www.loc.gov/catdir/description/mh022/96031173.html |
| 942 |
_2ddc _cBK |
||
| 999 |
_c549631 _d549631 |
||